000 01001nam a2200253 i 4500
001 bgj
245 0 0 _aNew ways in teacher education /
_cDonald Freeman, with Steve Cornwell, editors.
260 _aAlexandria, Va :
_bTeachers of English to Speakers of Other Language,
_ccop. 1993.
300 _aXXVII, 206 pp :
_bdraw., phot. ;
_c21 cm.
490 1 _aNew ways in TESOL series / Jack C. Richards, series ed.. Innovative classroom techniques
504 _aRef. after each chapter.
650 9 _aLanguage and languages
_xStudy and teaching
_xForeign speakers
650 9 _aLanguage teachers
_xTraining of
650 9 _aActivity programmes in education
700 1 _aFREEMAN, Donald.
_eed.
700 1 _aCORNWELL, Steve.
_eed.
830 0 _aNew ways in TESOL series (Jack C. Richards, series ed.).
_pInnovative classroom techniques
020 _a0939791463 (pbk)
040 _cBPK
041 0 _aeng
920 _a0-939791-46-3 (pbk)
942 _cKS
008 s uk f |000 0 eng
999 _c48127
_d48127
856 _uhttp://koha.tu.koszalin.pl/cgi-bin/koha/opac-detail.pl?biblionumber=48127
_yKatalog online BPK